La libertad de creencias

Detalles Bibliográficos
Autor principal: Souto Galvǹ, Beatriz
Formato: eBook
Lenguaje:español
Publicado: Lima: Palestra Editores, 2017
Materias:
Acceso en línea:Acceso restringido

MARC

LEADER 00000nam a22000007a 4500
005 20190823232157.0
007 cr|||| ||||
008 190823s2017 pe |||||s|||| 00||0 spa d
020 |a 978-612-4218-96-5 
035 |a 24177 
040 |a vLex 
090 |c 9273  |d 9273 
100 1 |a Souto Galvǹ, Beatriz 
245 1 2 |a La libertad de creencias  |h [Recurso electrn̤ico] /  |c Beatriz Souto Galvǹ 
256 |a Servicio en ln̕ea 
260 |a Lima:  |b Palestra Editores,  |c 2017 
300 |a 1 recurso electrn̤ico 
506 1 |a Disponible solo en los productos indicados  |d vLex Global  |d vLex Global (Academic Edition, excluding Law Schools)  |d vLex Global (U.S. Academic Edition, Law Schools)  |d vLex Global (U.S. Academic Edition, excluding Law Schools)  |d vLex Global (Academic Edition, Law Schools) 
650 0 4 |a Derecho Constitucional  |z Per︢ 
740 0 |a vLex Libros (Servicio en ln̕ea) 
856 4 0 |u http://vlex.com/source/libertad-creencias-24177  |z Acceso restringido 
942 |c BOOK 
999 0 |a Constitutional Law